000 00475nam a2200169Ia 4500
003 OSt
005 20201228095333.0
008 190216s9999||||xx |||||||||||||| ||und||
040 _coclc
082 _a297
_bABB/T
100 _aAbbara, Hussein
_93703
245 4 _aThe Straight Path /
_c Hussein Abbara
260 _bThe Department Of Religious Affairs,
_c1978.
_aQatar:
300 _a72p
650 _aArabic
942 _cBK
_2ddc
_h297
_iABB/T
_k297
_mABB/T
999 _c314
_d314